MDQL
is popping MORE tags! Check the
thread
!
Quizzes
Events
Quiz Creation
Community
Videos
Private Events
Remove Ads
Sign In
Join for FREE
Feedback
Dark Mode
Quiz Categories
Sports
Geography
Music
Movies
Television
Just For Fun
Miscellaneous
History
Literature
Language
Science
Gaming
Entertainment
Religion
Holiday
For Kids
Quiz Lab
Recent
Popular Today
Quiz Kudos Today
Editor Picks
Curator Picks
Quizzes by...
Day
Popularity
Type
Ratings
Length
Year
Community
Subscriptions
Recent Discussions
Orange Saloon
Badges
Playlists
Quests
Create
Leaderboards
Showdown
Live 5
Trivia Bingo
Activity
Puzzle Library
Sporcle Events
Private Events
Virtual Trivia
Globe League
Become a Host
Pub Owners
SporcleCon
Opinionation
Our Games
Videos
Blog
Mobile Apps
Partnerships
Remove Ads and Go Orange
Feedback
Television
TV Characters
TV Show
Sitcom
Network
Friends
Reality Shows
Cast
South Park
Star Trek
The Simpsons
Doctor Who
Television
TV Characters
TV Show
Sitcom
Network
Friends
Reality Shows
Cast
South Park
Star Trek
The Simpsons
Doctor Who
Random Quiz
Search Sporcle
×
Quiz Lab
Quiz Lab
Television
Wallace and Gromit
Type in answers that appear in a list
Type in answers that appear in a list
Classic
Best Score? Go Orange.
Wallace and Gromit Stats
Can you name the Wallace and Gromit trivia?
By
Jamaican
5m
15 Questions
1,571 Plays
1,571 Plays
1,571 Plays
Comments
Comments
Give Quiz Kudos
Give Quiz Kudos
-
- Ratings
hide this ad
Replay
Link that replays current quiz
Next Quiz
Link to next quiz in quiz playlist
You Got
0%
They Got
Avg Score
55%
Avg Friend Score
Upgrade to see
Score Distribution
Jump to the score distribution portion of the page
Score
0/15
Timer
05:00
0
Plays Today
Are you feeling lucky punk?
Answer
% Correct
The name of the sheep?
Shaun
95.3%
What is the penguin trying to steal?
Diamond
75%
What does Wallace nearly forget to bring?
Crackers
73.9%
How many bakers did the Bakerlite girl intend to kill?
13
71.2%
What does Gromit's plane fire?
Porridge
65.6%
The name of their pest control company?
Antipesto
64.7%
What disguise does the penguin use?
Red Rubber Glove
55.2%
How is the bomb concealed?
Cake
54.7%
Are you feeling lucky punk?
Answer
% Correct
What value coin is used on moon parking meter?
10p
54%
What vegetable is Gromit growing?
Marrow
53.1%
How is Gromit's birthday present first delivered?
Train
50.9%
What is Gromit's secret message written on-
while in jail?
Jigsaw
41.8%
What warning is written on the box which conceals Wallace's dignity?
May Contain Nuts
38.8%
What is wrong with the Bakerlite girl's bike?
Nothing
30.9%
The name of the villian?
Victor Quatermaine
12.8%
Quiz Playlist
Details
Report
Send in Message
Add To Playlist
Classic:
Type in answers that appear in a list
Last Updated: Feb 16, 2017
Quiz Scoreboard
CHALLENGE
Sign Up to Join the Scoreboard
Show All
Scores
Hide
Comments
May contain spoilers
Recently Published
5x2 Blitz: Bands
by SL_Kpop136
Music
30s
Colored Red Africa Blitz
by spor1
Geography
30s
Find the 'City' Movie
by crazypaving
Movies
60s
More to Explore
Quiz From the Vault
Featured Blog Post
14 Easter Pick-up Lines to Find Eggs With
hide this ad
You Might Also Like...
Tags
Feeling
Lucky
punk
Wallace
Wallace and Gromit
Today's Top Quizzes in Television
Browse Television
hide this ad
Top Contributed Quizzes in Television
1
Survivor Journey Challenge
2
Brooklyn Nine Nine Logic Puzzle (How-To-Play)
3
Phoebe Buffay Quotes
4
Survivor Trivia
5
Total Drama Characters
6
Survivor Logic Puzzle: Heroes vs. Villains
7
One Tree Hill Logic Puzzle
8
Survivor Heroes vs. Villains Logic Puzzle
9
All US Survivor Seasons in Order
10
Adjectives in 00s TV Shows
Explore More
Trending Topics
Crossword
NBA
Marvel
Disney
Kpop
Anime
Harry Potter
NFL
Puzzle
Pokémon
WWE
Song
Country
Soccer
The Office
hide this ad
More By:
Jamaican
Quiz
Plays
Rating
Category
Featured
Created
Wallace and Gromit
1,571
4.00
Television
Oct 8, 2009
Jackson Number 1s
193
5.00
Music
Jan 14, 2010
Go to Creator's Profile
Score Distribution
Quiz Creator Spotlight
Jamaican
Follow
Send a Message
Quizzes Created
-
Created Quiz Play Count
-
More By This Creator
Popular Quizzes Today
1
Colored Red Africa Blitz
2
Find the 'City' Movie
3
5x2 Blitz: Bands
4
Find the US States - No Outlines Minefield
5
The Countries of the World
6
Find the US States
7
US States
8
Find the Countries of Europe - No Outlines Minefield
More Television Quizzes
TV Drama by Last Name
Published
Trending Quizzes
Colored Red Europe Blitz I
Colored Red Europe Blitz II
Colored Red Africa Blitz II
Colored Red Europe Blitz III
Colored Red Africa Blitz III
Recently Updated
How Do You Spell That?
pecheneg
Godzilla Movies
pecheneg
Grab Bag: 4-10 Letters
pecheneg
2024 March Madness Bracket
pecheneg
Famous TV Couples
Peacemaker
Champions League XIs: Real Madrid
pecheneg
Largest US Cities 1790-2010
pecheneg
Rides in Walt Disney World
pecheneg
Most Oscar Losses (Acting)
pecheneg
Beyoncé Albums
pecheneg
Trending Topics
Kpop
Harry Potter
Marvel
NBA
Anime
Crossword
Disney
Puzzle
Pokémon
Country
NFL
Soccer
Song
WWE
The Office
Your Account Isn't Verified!
In order to create a playlist on Sporcle, you need to verify the email address you used during registration. Go to your
Sporcle Settings
to finish the process.
Report this User
Report this user for behavior that violates our
Community Guidelines
.
Details:
Send Report
Go to the Sporcle.com Mobile Site →
Comments